Filosofía moral y visiones del hombre / (Record no. 181916)
[ view plain ]
| 000 -LEADER | |
|---|---|
| campo de control de longitud fija | 00971nam a2200277 i 4500 |
| 001 - NÚMERO DE CONTROL | |
| campo de control | 181916 |
| 003 - IDENTIFICADOR DE NÚMERO DE CONTROL | |
| campo de control | ES-MaACL |
| 005 - FECHA Y HORA DE LA ÚLTIMA TRANSACCIÓN | |
| campo de control | 20250718062555.0 |
| 008 - DATOS DE LONGITUD FIJA--INFORMACIÓN GENERAL | |
| campo de control de longitud fija | 130506s2012 sp | |||||||| | spa d |
| 020 ## - NÚMERO INTERNACIONAL ESTÁNDAR DEL LIBRO | |
| Número Internacional Estándar del Libro | 978-84-92877-41-6 |
| 080 ## - NÚMERO DE LA CLASIFICACIÓN DECIMAL UNIVERSAL | |
| Número de la Clasificación Decimal Universal | 17 |
| 080 ## - NÚMERO DE LA CLASIFICACIÓN DECIMAL UNIVERSAL | |
| Número de la Clasificación Decimal Universal | 113/119 |
| 100 1# - ENTRADA PRINCIPAL--NOMBRE DE PERSONA | |
| Nombre de persona | Tomasini Bassols, Alejandro. |
| 9 (RLIN) | 110538 |
| 245 10 - MENCIÓN DEL TÍTULO | |
| Título | Filosofía moral y visiones del hombre / |
| Mención de responsabilidad, etc. | Alejandro Tomasini Bassols. |
| 250 ## - MENCION DE EDICION | |
| Mención de edición | 1ª ed. |
| 260 ## - PUBLICACIÓN, DISTRIBUCIÓN, ETC. | |
| Lugar de publicación, distribución, etc. | Torrejón de la Calzada, Madrid : |
| Nombre del editor, distribuidor, etc. | Devenir, |
| Fecha de publicación, distribución, etc. | 2012. |
| 300 ## - DESCRIPCIÓN FÍSICA | |
| Extensión | 421 p. ; |
| Dimensiones | 20 cm. |
| 490 1# - MENCIÓN DE SERIE | |
| Mención de serie | Devenir el otro ; |
| Designación de volumen o secuencia | n. 42 |
| 586 ## - NOTA DE PREMIOS | |
| Nota de premios | XII Premio de Ensayo "Miguel de Unamuno" 2010 del Ayuntamiento de Bilbao |
| 650 #7 - PUNTO DE ACCESO ADICIONAL DE MATERIA--TÉRMINO DE MATERIA | |
| Término de materia o nombre geográfico como elemento de entrada | Ética |
| Fuente del encabezamiento o término | embne |
| 9 (RLIN) | 12577 |
| 830 0# - PUNTO DE ACCESO ADICIONAL DE SERIE-TÍTULO UNIFORME | |
| Título uniforme | Devenir el otro ; |
| Designación de volumen o secuencia | n. 42 |
| 9 (RLIN) | 179466 |
| 852 ## - LOCALIZACIÓN | |
| Ubicación | ES-MaACL |
| Número de control de estantería | A-12616 |
| itemnumber | 188824 |
| Sublocalización o colección | R.148874 |
| Ubicación en estantería | Depósito 1 |
| Signatura antigua | Olim: N-5619 |
| Encuadernación | Donación: José Luis Abellán |
| 903 ## - NOMBRE PERSONAL DE DONANTE | |
| a | Abellán, José Luis, |
| d | 1933-2023 |
| e | Donante |
| q | 1 |
| 9 | 176509 |
| 942 ## - ELEMENTOS DE ENTRADA SECUNDARIOS (KOHA) | |
| Fuente del sistema de clasificación o colocación | Clasificación decimal universal |
| Tipo de ítem Koha | Libro impreso |
| Estatus retirado | Estado de pérdida | Fuente del sistema de clasificación o colocación | Estado de daño | No para préstamo | Biblioteca de origen | Biblioteca actual | Ubicación en estantería | Fecha de adquisición | Fuente de adquisición | Total de préstamos | Signatura topográfica completa | Código de barras | Visto por última vez | Precio de reemplazo | Tipo de ítem Koha |
|---|---|---|---|---|---|---|---|---|---|---|---|---|---|---|---|
| Clasificación decimal universal | Biblioteca del Ateneo de Madrid | Biblioteca del Ateneo de Madrid | Depósito 1 | 06/05/2013 | Donación | A-12616 | 1191174 | 23/02/2023 | 23/02/2023 | Libro impreso |
